00525nam a2200157 i 4500001000300000100002000003245011700023260002100140700002300161700001800184040000800202041000800210080001000218008004100228856009800269bg1 aBUDZISZ, Feliks 0aRusskij jazyk dlja studentov politechničeskich institutov /cFeliks Budzisz, Włodzimierz Jurec, Janusz Rudak. aGdańsk,c1974.1 aJUREC, Włodzimerz1 aRUDAK, Janusz cBPK apol a808.2 s pl f |000 0 pol  uhttp://koha.tu.koszalin.pl/cgi-bin/koha/opac-detail.pl?biblionumber=26427yKatalog online BPK